Football : parcours de l'équipe de France à la coupe du monde 2018 - Statistiques

Statistiques générales
  • Ce quiz a été pris 653 fois
  • Le résultat moyen est 6 sur 7
Statistiques - réponses
Tour Score Adversaire % Correct
Huitièmes 4-3 Argentine
99%
Finale 4-2 Croatie
99%
Demies 1-0 Belgique
97%
Quarts 2-0 Uruguay
89%
Poule 2-1 Australie
87%
Poule 0-0 Danemark
86%
Poule 1-0 Pérou
75%
Aucun quiz correspondant
Distribution des résultats
% des personnes avec chaque résultat
Percentile par nombre de réponses
Votre historique - résultats
Vous n’avez pas pris ce quiz